000 01737ntm a22003737a 4500
005 20251113182015.0
008 170727b2015 xxu||||| |||| 00| 0 spa d
020 _a9789588816821
041 _aESP
082 _a617.643 B238o
100 _aBarbosa, Jurandir Antonio
245 _aOrtodoncia con excelencia, logro de la perfección: tomo I y tomo II
260 _aMéxico
260 _bAmolca
260 _c2015
300 _a750 páginas
300 _bIlustraciones a color
490 _aMecánica Dental
505 _aTomo I: Sistema autoligado - biomecánica de tratamiento. El arco de la sonrisa en la ortodoncia smile arc. Biomecánica - bracket versátil barbosa. Filosofía de tratamiento FACE. Tratamiento de 1° Fase. Límites de la compensación ortodóntica. Principios de oclusión. Essix clear aligner de la A a la Z. Biomecánica del anclaje ortodóntico.
505 _aTomo II: Regeneración ósea guiada. Retracción gingival en adultos. Corrección de las maloclusiones Clase II. Miniimplantes y miniplacas. Problemas articulares. Cirugía ortognática. Síndrome de apnea obstructiva del sueño. Práctica clínica basada en evidencias. Caninos superiores impactados. Propiedades mecánicas de los alambres ortodónticos. Responsabiidad civil. Entendiendo el mercado, planificación estratégica.
650 _aORTODONCIA
650 _aBIOMECÁNICA DE TRATAMIENTO
650 _aOCLUSIÓN
650 _aMALOCLUSIÓN
650 _aMINIIMPLANTES
650 _aPROBLEMAS ARTICULARES
650 _aAPNEA DEL SUEÑO
650 _aALAMBRES ORTODONTICOS
650 _aRESORTES
650 _aNIVELACIÓN
650 _aORTOPEDIA FUNCIONAL
650 _aCASOS CLÍNICOS
942 _cBK
_2ddc
999 _c9677
_d9677